000 00387nam a22001697a 4500
003 MPLRDC
005 20220104114053.0
008 210129b ||||| |||| 00| 0 eng d
082 _a831.4 ZZS
100 _a张子深
245 _a唐诗杰作欣赏
_c
250 _a初版
260 _a
_b青春出版社
_c1966
300 _b
650 _a唐诗总集
942 _cBK
_o831.4 ZZS
999 _c4573
_d4563